Associez le numéro au département - Aléatoire - Statistiques

Statistiques générales
  • Ce quiz a été pris 414 fois
  • Le résultat moyen est 48 sur 60
Statistiques - réponses
# Département % Correct
07 Ardèche
100%
02 Aisne
93%
75 Paris
93%
2A Corse-du-Sud
92%
59 Nord
92%
33 Gironde
91%
2B Haute-Corse
91%
974 La Réunion
91%
50 Manche
91%
01 Ain
89%
15 Cantal
89%
77 Seine-et-Marne
89%
93 Seine-Saint-Denis
89%
94 Val-de-Marne
89%
09 Ariège
88%
16 Charente
88%
91 Essonne
88%
29 Finistère
88%
51 Marne
88%
06 Alpes-Maritimes
87%
38 Isère
87%
03 Allier
86%
18 Cher
86%
44 Loire-Atlantique
86%
84 Vaucluse
86%
972 Martinique
85%
13 Bouches-du-Rhône
84%
74 Haute-Savoie
84%
90 Territoire de Belfort
84%
08 Ardennes
83%
19 Corrèze
83%
21 Côte-d'Or
83%
30 Gard
83%
53 Mayenne
83%
80 Somme
83%
88 Vosges
83%
10 Aube
82%
14 Calvados
82%
32 Gers
82%
31 Haute-Garonne
82%
92 Hauts-de-Seine
82%
54 Meurthe-et-Moselle
82%
58 Nièvre
82%
67 Bas-Rhin
81%
56 Morbihan
81%
69 Rhône
81%
72 Sarthe
81%
11 Aude
80%
35 Ille-et-Vilaine
80%
36 Indre
80%
45 Loiret
80%
62 Pas-de-Calais
80%
971 Guadeloupe
79%
973 Guyane
79%
05 Hautes-Alpes
79%
49 Maine-et-Loire
79%
60 Oise
79%
89 Yonne
79%
24 Dordogne
78%
52 Haute-Marne
78%
65 Hautes-Pyrénées
78%
85 Vendée
78%
78 Yvelines
78%
43 Haute-Loire
77%
83 Var
77%
12 Aveyron
76%
27 Eure
76%
68 Haut-Rhin
76%
61 Orne
76%
76 Seine-Maritime
76%
17 Charente-Maritime
75%
42 Loire
75%
22 Côtes-d'Armor
74%
87 Haute-Vienne
74%
40 Landes
74%
57 Moselle
74%
73 Savoie
74%
86 Vienne
74%
04 Alpes-de-Haute-Provence
73%
28 Eure-et-Loir
73%
976 Mayotte
73%
55 Meuse
73%
81 Tarn
73%
25 Doubs
71%
70 Haute-Saône
71%
37 Indre-et-Loire
71%
64 Pyrénées-Atlantiques
71%
95 Val-d'Oise
71%
34 Hérault
70%
39 Jura
70%
46 Lot
69%
48 Lozère
69%
47 Lot-et-Garonne
68%
71 Saône-et-Loire
68%
82 Tarn-et-Garonne
68%
23 Creuse
67%
79 Deux-Sèvres
67%
63 Puy-de-Dôme
67%
26 Drôme
64%
41 Loir-et-Cher
63%
66 Pyrénées-Orientales
63%
Aucun quiz correspondant
Distribution des résultats
% des personnes avec chaque résultat
Percentile par nombre de réponses
Votre historique - résultats
Vous n’avez pas pris ce quiz